[Event "Altenkirchen Seniors op 18th"]
[Site "Altenkirchen"]
[Date "2021.07.10"]
[Round "9"]
[White "Mueller, Erich"]
[Black "Bade, Uwe"]
[Result "1-0"]
[WhiteElo "2161"]
[BlackElo "2134"]
[PlyCount "63"]
[EventDate "2021.07.02"]
[EventType "swiss"]
[EventRounds "9"]
[EventCountry "GER"]
[SourceTitle "CBM 203 Extra"]
[Source "ChessBase"]
[SourceDate "2021.09.30"]
[SourceVersion "1"]
[SourceVersionDate "2021.09.30"]
[SourceQuality "1"]

1. f4 d5 2. Nf3 g6 3. e3 Bg7 4. Be2 c5 5. 0-0 Nf6 6. d3 0-0 7. Ne5 Nbd7 8. Bf3 d4 9. Nxd7 Nxd7 10. e4 e5 11. a4 exf4 12. Bxf4 Ne5 13. Nd2 Be6 14. b3 Qd7 15. Qe1 f5 16. Bxe5 Bxe5 17. exf5 Rxf5 18. g4 Rxf3 19. Rxf3 Qd6 20. Qh4 Bd5 21. Ne4 Bxe4 22. dxe4 d3 23. Rxd3 Bd4+ 24. Kg2 Qf4 25. Re1 Rf8 26. Qg3 Qg5 27. h4 Qe7 28. Rf3 Re8 29. e5 b6 30. e6 Qb7 31. Qf4 Rf8 32. Qxf8# 1-0

[Event "Altenkirchen Seniors op 18th"]
[Site "Altenkirchen"]
[Date "2021.07.09"]
[Round "8"]
[White "Bade, Uwe"]
[Black "Sand, Rolf"]
[Result "1/2-1/2"]
[WhiteElo "2134"]
[BlackElo "1937"]
[PlyCount "20"]
[EventDate "2021.07.02"]
[EventType "swiss"]
[EventRounds "9"]
[EventCountry "GER"]
[SourceTitle "CBM 203 Extra"]
[Source "ChessBase"]
[SourceDate "2021.09.30"]
[SourceVersion "1"]
[SourceVersionDate "2021.09.30"]
[SourceQuality "1"]

1. e4 c5 2. Nf3 d6 3. d4 cxd4 4. Qxd4 Nc6 5. Bb5 Bd7 6. Bxc6 Bxc6 7. Nc3 Nf6 8. Bg5 e6 9. Bxf6 Qxf6 10. Qxf6 gxf6 1/2-1/2

[Event "Bad Wiessee Senioren Cup 8th"]
[Site "Bad Wiessee"]
[Date "2019.05.18"]
[Round "8"]
[White "Bade, Uwe"]
[Black "Wimmer, Alfred"]
[Result "1/2-1/2"]
[WhiteElo "2179"]
[BlackElo "2042"]
[PlyCount "22"]
[EventDate "2019.05.11"]
[EventType "swiss"]
[EventRounds "9"]
[EventCountry "GER"]
[SourceTitle "EXT 2020"]
[Source "ChessBase"]
[SourceDate "2019.10.17"]
[SourceVersion "1"]
[SourceVersionDate "2019.10.17"]
[SourceQuality "1"]

1. e4 e6 2. d4 d5 3. exd5 exd5 4. Bd3 Bd6 5. Qf3 Ne7 6. Nh3 Bxh3 7. Qxh3 Qd7 8. Qh5 Nbc6 9. c3 g6 10. Qf3 0-0-0 11. 0-0 f5 1/2-1/2

[Event "Bad Wiessee Senioren Cup 8th"]
[Site "Bad Wiessee"]
[Date "2019.05.17"]
[Round "7"]
[White "Kuempers, Ulrich"]
[Black "Bade, Uwe"]
[Result "1/2-1/2"]
[WhiteElo "2003"]
[BlackElo "2179"]
[PlyCount "81"]
[EventDate "2019.05.11"]
[EventType "swiss"]
[EventRounds "9"]
[EventCountry "GER"]
[SourceTitle "EXT 2020"]
[Source "ChessBase"]
[SourceDate "2019.10.17"]
[SourceVersion "1"]
[SourceVersionDate "2019.10.17"]
[SourceQuality "1"]

1. d4 d5 2. c4 e6 3. Nc3 Nf6 4. Bg5 Be7 5. e3 h6 6. Bh4 0-0 7. Nf3 Nbd7 8. Qc2 b6 9. cxd5 exd5 10. 0-0-0 Bb7 11. Kb1 c5 12. Bd3 Rc8 13. Bf5 b5 14. dxc5 Rxc5 15. Qd2 d4 16. Bxf6 Nxf6 17. Nxd4 b4 18. Nce2 Rxf5 19. Nxf5 Be4+ 20. Ka1 Bxf5 21. Qxd8 Rxd8 22. f3 g5 23. e4 Be6 24. Nd4 Kf8 25. Nxe6+ fxe6 26. Kb1 e5 27. Rxd8+ Bxd8 28. Rc1 Ke7 29. Rc4 a5 30. Kc2 Ne8 31. Kb3 Nd6 32. Rc5 Ke6 33. g4 Nb7 34. Rc8 Kd7 35. Ra8 Kc6 36. h3 Nc5+ 37. Kc4 Nb7 38. Rc8+ Kd7 39. Rb8 Kc7 40. Ra8 Kc6 41. Rc8+ 1/2-1/2

[Event "Bad Wiessee Senioren Cup 8th"]
[Site "Bad Wiessee"]
[Date "2019.05.12"]
[Round "2"]
[White "Bade, Uwe"]
[Black "Marcus, Rainer"]
[Result "1-0"]
[WhiteElo "2179"]
[BlackElo "1574"]
[PlyCount "35"]
[EventDate "2019.05.11"]
[EventType "swiss"]
[EventRounds "9"]
[EventCountry "GER"]
[SourceTitle "EXT 2020"]
[Source "ChessBase"]
[SourceDate "2019.10.17"]
[SourceVersion "1"]
[SourceVersionDate "2019.10.17"]
[SourceQuality "1"]

1. e4 e6 2. d4 d5 3. e5 c5 4. Nf3 cxd4 5. Bd3 Nc6 6. 0-0 Qc7 7. Re1 g6 8. Bf4 Bg7 9. Nbd2 Nge7 10. Nb3 Bd7 11. Nbxd4 Nxd4 12. Nxd4 Nc6 13. Nb5 Qb8 14. Nd6+ Kf8 15. Qf3 Bxe5 16. Bxe5 Nxe5 17. Qf6 Nxd3 18. Qxf7# 1-0

[Event "MVP-ch Seniors op 16th"]
[Site "Binz"]
[Date "2016.12.01"]
[Round "9.1"]
[White "Ackermann, Hans Werner"]
[Black "Bade, Uwe"]
[Result "1-0"]
[WhiteElo "2340"]
[BlackElo "2160"]
[PlyCount "51"]
[EventDate "2016.11.23"]
[EventType "swiss"]
[EventRounds "9"]
[EventCountry "GER"]
[SourceTitle "EXT 2018"]
[Source "ChessBase"]
[SourceDate "2017.10.13"]
[SourceVersion "1"]
[SourceVersionDate "2017.10.13"]
[SourceQuality "1"]

1. Nf3 c5 2. b3 Nc6 3. Bb2 d5 4. e3 Bg4 5. h3 Bh5 6. Bb5 a6 7. Be2 Nf6 8. d3 Qc7 9. c4 Rd8 10. a3 e5 11. cxd5 Nxd5 12. Qc2 Be7 13. 0-0 0-0 14. Rc1 Bg6 15. Nbd2 Rfe8 16. Bf1 Bf8 17. Nh4 f5 18. Nxg6 hxg6 19. Nf3 Qd7 20. g3 Nf6 21. Rd1 b5 22. Rac1 Rc8 23. Bg2 Qc7 24. Ng5 Bd6 25. b4 Ne7 26. bxc5 1-0

[Event "MVP-ch Seniors op 16th"]
[Site "Binz"]
[Date "2016.11.30"]
[Round "8.4"]
[White "Bade, Uwe"]
[Black "Zschunke, Werner"]
[Result "1-0"]
[WhiteElo "2160"]
[BlackElo "1968"]
[PlyCount "59"]
[EventDate "2016.11.23"]
[EventType "swiss"]
[EventRounds "9"]
[EventCountry "GER"]
[SourceTitle "EXT 2018"]
[Source "ChessBase"]
[SourceDate "2017.10.13"]
[SourceVersion "1"]
[SourceVersionDate "2017.10.13"]
[SourceQuality "1"]

1. e4 d5 2. exd5 Qxd5 3. Nc3 Qa5 4. d4 Nf6 5. Nf3 Bf5 6. Bd3 Bxd3 7. Qxd3 e6 8. 0-0 Bd6 9. Bd2 Qh5 10. Ne4 Nxe4 11. Qxe4 c6 12. Bf4 Bxf4 13. Qxf4 Qd5 14. c4 Qd8 15. d5 cxd5 16. cxd5 Qxd5 17. Rfd1 Qb5 18. a4 Qb6 19. a5 Qb5 20. Qd6 Qd7 21. Qe5 Qe7 22. Qxg7 Rf8 23. Rac1 Nc6 24. a6 Rd8 25. axb7 Rxd1+ 26. Rxd1 Qxb7 27. Ng5 Qb3 28. Re1 Ne7 29. Nxh7 Rg8 30. Nf6+ 1-0

[Event "MVP-ch Seniors op 16th"]
[Site "Binz"]
[Date "2016.11.25"]
[Round "3.5"]
[White "Goertz, Hans Georg"]
[Black "Bade, Uwe"]
[Result "1/2-1/2"]
[WhiteElo "1981"]
[BlackElo "2160"]
[PlyCount "38"]
[EventDate "2016.11.23"]
[EventType "swiss"]
[EventRounds "9"]
[EventCountry "GER"]
[SourceTitle "EXT 2018"]
[Source "ChessBase"]
[SourceDate "2017.10.13"]
[SourceVersion "1"]
[SourceVersionDate "2017.10.13"]
[SourceQuality "1"]

1. d4 d5 2. Nf3 Nf6 3. g3 Bg4 4. Bg2 Bxf3 5. exf3 e6 6. 0-0 c5 7. dxc5 Bxc5 8. Qe2 Nc6 9. c3 0-0 10. Nd2 Rc8 11. Nb3 Bb6 12. Be3 Qc7 13. Bxb6 Qxb6 14. f4 Rfd8 15. Rfd1 Na5 16. Nxa5 Qxa5 17. Rd4 b5 18. a3 Rc4 19. Rad1 Rdc8 1/2-1/2

[Event "MVP-ch Seniors op 14th"]
[Site "Binz"]
[Date "2014.12.03"]
[Round "9"]
[White "Bade, Uwe"]
[Black "Lehmann, Erwin"]
[Result "0-1"]
[WhiteElo "1996"]
[BlackElo "1847"]
[PlyCount "116"]
[EventDate "2014.11.25"]
[EventType "swiss"]
[EventRounds "9"]
[EventCountry "GER"]
[SourceTitle "EXT 2016"]
[Source "ChessBase"]
[SourceDate "2015.10.08"]
[SourceVersion "1"]
[SourceVersionDate "2015.10.08"]
[SourceQuality "1"]

1. e4 d5 2. exd5 Qxd5 3. Nc3 Qa5 4. d4 Nf6 5. Bc4 Bf5 6. Nf3 c6 7. Ne5 e6 8. Bd2 Bb4 9. Qe2 Nbd7 10. 0-0-0 Nxe5 11. dxe5 Nd5 12. Bxd5 exd5 13. a3 Bxa3 14. Nxd5 Bxb2+ 15. Kxb2 Qxd5 16. Bb4 Qb5 17. Qxb5 cxb5 18. Rd5 a5 19. Bc5 Be4 20. Rd4 Rc8 21. Rhd1 Bxc2 22. R1d2 Bf5 23. Bb6 0-0 24. Bxa5 h5 25. g3 Rfe8 26. Rd5 Be4 27. Rxb5 Bc6 28. Rc5 g6 29. Bc3 Rcd8 30. Rd6 Rxd6 31. exd6 Re2+ 32. Kb3 Kf8 33. Bd4 Ke8 34. Ra5 Kd7 35. Bc5 Rd2 36. Ra1 Rd5 37. Kc4 Re5 38. f3 Bxf3 39. Ra3 Bc6 40. h4 Re4+ 41. Kd3 Rg4 42. Kd2 f5 43. Re3 Be4 44. Ke2 g5 45. hxg5 Rxg5 46. Kf2 f4 47. gxf4 Rxc5 48. Rxe4 Kxd6 49. Kg3 Rf5 50. Re8 b5 51. Rb8 Kc5 52. Rc8+ Kd4 53. Rb8 Kc4 54. Kf3 b4 55. Ke4 Rb5 56. Rc8+ Rc5 57. Rh8 b3 58. f5 b2 0-1

[Event "MVP-ch Seniors op 13th"]
[Site "Binz"]
[Date "2013.12.05"]
[Round "9"]
[White "Bade, Uwe"]
[Black "Kirmas, Joachim"]
[Result "1-0"]
[WhiteElo "2018"]
[BlackElo "1864"]
[PlyCount "43"]
[EventDate "2013.11.27"]
[EventType "swiss"]
[EventRounds "9"]
[EventCountry "GER"]
[SourceTitle "EXT 2015"]
[Source "ChessBase"]
[SourceDate "2014.11.20"]
[SourceVersion "1"]
[SourceVersionDate "2014.11.20"]
[SourceQuality "1"]

1. e4 e5 2. Nf3 d6 3. d4 exd4 4. Nxd4 Nf6 5. Nc3 Be7 6. Be2 0-0 7. 0-0 Nc6 8. Be3 Bd7 9. f4 Nxd4 10. Bxd4 Bc6 11. Bd3 d5 12. e5 Ne4 13. f5 Bc5 14. Bxc5 Nxc5 15. f6 Nxd3 16. Qg4 g6 17. Qg5 Kh8 18. cxd3 Rg8 19. Rf4 Qf8 20. Rh4 Rd8 21. d4 Be8 22. Rh6 1-0

[Event "MVP-ch Seniors op 13th"]
[Site "Binz"]
[Date "2013.12.01"]
[Round "5"]
[White "Bade, Uwe"]
[Black "Rahls, Peter"]
[Result "0-1"]
[WhiteElo "2018"]
[BlackElo "2152"]
[PlyCount "92"]
[EventDate "2013.11.27"]
[EventType "swiss"]
[EventRounds "9"]
[EventCountry "GER"]
[SourceTitle "EXT 2015"]
[Source "ChessBase"]
[SourceDate "2014.11.20"]
[SourceVersion "1"]
[SourceVersionDate "2014.11.20"]
[SourceQuality "1"]

1. e4 c5 2. Nf3 e6 3. d4 cxd4 4. Nxd4 Nf6 5. Nc3 d6 6. g3 e5 7. Bb5+ Bd7 8. Bxd7+ Qxd7 9. Nf5 Nxe4 10. Nxe4 Qxf5 11. Qd5 Nc6 12. Be3 Rd8 13. 0-0-0 Be7 14. Rd2 0-0 15. Rhd1 Nb4 16. Qxb7 Rb8 17. Qxe7 Qxe4 18. Kb1 Rfc8 19. Qxd6 h6 20. Bc5 Nc6 21. Qd3 Qa4 22. Qf5 Qb5 23. Ba3 Nd4 24. Rxd4 exd4 25. Qxb5 Rxb5 26. Rxd4 Re5 27. Kc1 Re1+ 28. Rd1 Rxd1+ 29. Kxd1 f5 30. Kd2 Kf7 31. Kd3 Ke6 32. c4 a6 33. b4 g5 34. Bb2 Rd8+ 35. Bd4 Rf8 36. a4 Rb8 37. b5 axb5 38. axb5 Kd6 39. Kc3 Re8 40. Kb4 Re1 41. Ka5 Re4 42. c5+ Kd5 43. Bg7 Kxc5 44. Bxh6 Re8 45. Ka4 Ra8+ 46. Kb3 g4 0-1

[Event "MVP-ch Seniors op 13th"]
[Site "Binz"]
[Date "2013.11.28"]
[Round "2"]
[White "Josting, Friedel"]
[Black "Bade, Uwe"]
[Result "1/2-1/2"]
[WhiteElo "1774"]
[BlackElo "2018"]
[PlyCount "31"]
[EventDate "2013.11.27"]
[EventType "swiss"]
[EventRounds "9"]
[EventCountry "GER"]
[SourceTitle "EXT 2015"]
[Source "ChessBase"]
[SourceDate "2014.11.20"]
[SourceVersion "1"]
[SourceVersionDate "2014.11.20"]
[SourceQuality "1"]

1. d4 c5 2. e3 Nf6 3. Nf3 d5 4. c4 cxd4 5. exd4 Bg4 6. c5 Nc6 7. Be2 e6 8. Nc3 Be7 9. 0-0 0-0 10. h3 Bh5 11. Bf4 Rc8 12. Re1 b6 13. g4 Bg6 14. Ba6 bxc5 15. Bxc8 Qxc8 16. Rc1 1/2-1/2

[Event "SH-ch Seniors op"]
[Site "Eckernfoerde"]
[Date "2012.10.03"]
[Round "5.9"]
[White "Bade, Uwe"]
[Black "Hellwege, Werner"]
[Result "1-0"]
[WhiteElo "2215"]
[BlackElo "1964"]
[PlyCount "69"]
[EventDate "2012.09.29"]
[EventType "swiss"]
[EventRounds "7"]
[EventCountry "GER"]
[SourceTitle "EXT 2022"]
[Source "ChessBase"]
[SourceDate "2021.10.06"]
[SourceVersion "1"]
[SourceVersionDate "2021.10.06"]
[SourceQuality "1"]

1. e4 c5 2. Nf3 d6 3. d4 cxd4 4. Nxd4 Nf6 5. Nc3 a6 6. Bc4 Qc7 7. Qe2 e6 8. Bg5 Be7 9. a4 Qc5 10. Be3 Qh5 11. Qd2 Bd7 12. f3 Qc5 13. Qe2 Qc7 14. 0-0 Nc6 15. f4 Nxd4 16. Bxd4 Rc8 17. Bd3 Bc6 18. e5 Nd5 19. f5 Nxc3 20. Bxc3 dxe5 21. fxe6 Bc5+ 22. Kh1 f6 23. Qh5+ Kf8 24. Bxe5 Qe7 25. Rxf6+ gxf6 26. Rf1 Bxg2+ 27. Kxg2 Rg8+ 28. Kh1 Rg1+ 29. Rxg1 Bxg1 30. Qh6+ Qg7 31. Bd6+ Kg8 32. Qxg7+ Kxg7 33. Kxg1 Rc6 34. e7 Kf7 35. Ba3 1-0

[Event "Niedersachsen-ch Seniors op 13th"]
[Site "Bad Bevensen"]
[Date "2010.07.14"]
[Round "9"]
[White "Gudat, Alfons"]
[Black "Bade, Uwe"]
[Result "1/2-1/2"]
[WhiteElo "1873"]
[BlackElo "2052"]
[PlyCount "23"]
[EventDate "2010.07.06"]
[EventType "swiss"]
[EventRounds "9"]
[EventCountry "GER"]
[SourceTitle "EXT 2012"]
[Source "ChessBase"]
[SourceDate "2011.11.24"]
[SourceVersion "1"]
[SourceVersionDate "2011.11.24"]
[SourceQuality "1"]

1. e4 c5 2. Nf3 Nc6 3. Bb5 g6 4. 0-0 Bg7 5. c3 d5 6. Qa4 dxe4 7. Bxc6+ bxc6 8. Qxe4 Qd5 9. Re1 Bf5 10. Qxd5 cxd5 11. d4 cxd4 12. cxd4 1/2-1/2

[Event "Liechtenstein Seniors op 09th"]
[Site "Triesen"]
[Date "2009.05.19"]
[Round "5"]
[White "Bade, Uwe"]
[Black "Tesar, Peter"]
[Result "1-0"]
[WhiteElo "2238"]
[BlackElo "1984"]
[PlyCount "70"]
[EventDate "2009.05.15"]
[EventType "swiss"]
[EventRounds "9"]
[EventCountry "LIE"]
[SourceTitle "CBM 130 Extra"]
[Source "ChessBase"]
[SourceDate "2009.07.02"]
[SourceVersion "2"]
[SourceVersionDate "2009.07.15"]
[SourceQuality "1"]

1. e4 d6 2. Bc4 Nf6 3. d3 c6 4. Bb3 a5 5. a4 Nbd7 6. Be3 e5 7. Nc3 Be7 8. f4 0-0 9. Qf3 exf4 10. Qxf4 Ne5 11. Nge2 Ng6 12. Qf3 Ng4 13. Bd4 N6e5 14. Qf1 Be6 15. 0-0-0 Bxb3 16. cxb3 Bg5+ 17. Kb1 Ne3 18. Bxe3 Bxe3 19. d4 Ng6 20. Rd3 Bh6 21. Ng3 Bg5 22. Nf5 d5 23. h4 dxe4 24. Nxe4 Bf6 25. h5 Re8 26. Nxf6+ Qxf6 27. Nh6+ Kf8 28. Qxf6 gxf6 29. hxg6 fxg6 30. Ng4 Kg7 31. d5 f5 32. dxc6 fxg4 33. Rd7+ Kf6 34. cxb7 Rab8 35. Rhxh7 Rf8 1-0

[Event "Liechtenstein Seniors op 09th"]
[Site "Triesen"]
[Date "2009.05.17"]
[Round "2"]
[White "Lechenbauer, Karl"]
[Black "Bade, Uwe"]
[Result "1/2-1/2"]
[WhiteElo "1979"]
[BlackElo "2238"]
[PlyCount "51"]
[EventDate "2009.05.15"]
[EventType "swiss"]
[EventRounds "9"]
[EventCountry "LIE"]
[SourceTitle "CBM 130 Extra"]
[Source "ChessBase"]
[SourceDate "2009.07.02"]
[SourceVersion "2"]
[SourceVersionDate "2009.07.15"]
[SourceQuality "1"]

1. e4 c5 2. Nf3 Nc6 3. d4 cxd4 4. Nxd4 Nf6 5. Nc3 e5 6. Ndb5 d6 7. Nd5 Nxd5 8. exd5 Ne7 9. Nc3 Bd7 10. Be2 Ng6 11. Be3 Be7 12. 0-0 0-0 13. Qd3 f5 14. f3 a6 15. Rad1 Rc8 16. Qd2 Qc7 17. Bd3 b5 18. a3 Rb8 19. Rb1 a5 20. b4 Bf6 21. Na2 Ne7 22. bxa5 Nxd5 23. Bf2 Nf4 24. Bb6 Qc8 25. Nb4 Bd8 26. Be3 1/2-1/2

[Event "GER-ch Seniors-A 20th"]
[Site "Erfurt"]
[Date "2008.08.08"]
[Round "4"]
[White "Kalkmann, Hans"]
[Black "Bade, Uwe"]
[Result "1/2-1/2"]
[WhiteElo "1948"]
[BlackElo "2118"]
[PlyCount "62"]
[EventDate "2008.08.05"]
[EventType "swiss"]
[EventRounds "9"]
[EventCountry "GER"]
[SourceTitle "CBM 126 Extra"]
[Source "ChessBase"]
[SourceDate "2008.11.05"]
[SourceVersion "1"]
[SourceVersionDate "2008.11.05"]
[SourceQuality "1"]

1. Nf3 d5 2. d4 Nf6 3. g3 c5 4. c3 Nc6 5. Bg2 Bf5 6. 0-0 e6 7. Nh4 Be4 8. f3 Bxb1 9. Rxb1 cxd4 10. cxd4 Qb6 11. Be3 Bd6 12. Qd2 0-0 13. Rfd1 Rac8 14. Bf1 Nb4 15. a3 Rc2 16. Qe1 Nc6 17. Rd2 Rxd2 18. Qxd2 Bxa3 19. Bf2 Qb3 20. e3 Rc8 21. Bd3 Bb4 22. Qe2 Ba5 23. Ng2 Nb4 24. Ne1 a6 25. Kf1 Kf8 26. Qd1 Qxd1 27. Rxd1 Nxd3 28. Nxd3 Rc2 29. b4 Bb6 30. Rb1 Ne8 31. Nc5 Ke7 1/2-1/2

[Event "GER-ch Seniors-A 20th"]
[Site "Erfurt"]
[Date "2008.08.05"]
[Round "1"]
[White "Bade, Uwe"]
[Black "Mueller, Waldemar"]
[Result "1-0"]
[WhiteElo "2118"]
[BlackElo "2004"]
[PlyCount "71"]
[EventDate "2008.08.05"]
[EventType "swiss"]
[EventRounds "9"]
[EventCountry "GER"]
[SourceTitle "CBM 126 Extra"]
[Source "ChessBase"]
[SourceDate "2008.11.05"]
[SourceVersion "1"]
[SourceVersionDate "2008.11.05"]
[SourceQuality "1"]

1. e4 c5 2. Nf3 Nc6 3. d4 cxd4 4. Nxd4 Nf6 5. Nc3 e5 6. Ndb5 d6 7. a4 a6 8. Na3 Be7 9. Bg5 0-0 10. Nc4 Be6 11. Bxf6 gxf6 12. Ne3 Kh8 13. Ncd5 Rg8 14. Bd3 Bf8 15. Qf3 Rg6 16. c3 Bh6 17. Nf5 Bxf5 18. exf5 Rg8 19. Qh5 Kg7 20. Be4 Na5 21. Rd1 Nc4 22. Rd3 Bf4 23. b3 Na5 24. 0-0 Nxb3 25. Nxf4 exf4 26. Bd5 Nc5 27. Qxf7+ Kh8 28. Rd4 Rg7 29. Qh5 Qe7 30. Qf3 Nd7 31. Qxf4 Ne5 32. Re4 Re8 33. Qe3 Rg5 34. c4 Qd7 35. f4 Nf7 36. Rxe8+ 1-0

[Event "Hessen-ch Seniors op 03rd"]
[Site "Bad Sooden-Allendorf"]
[Date "2007.04.28"]
[Round "1"]
[White "Jung, Michael"]
[Black "Bade, Uwe"]
[Result "1/2-1/2"]
[WhiteElo "1676"]
[BlackElo "2095"]
[PlyCount "113"]
[EventDate "2007.04.27"]
[EventType "swiss"]
[EventRounds "9"]
[EventCountry "GER"]
[SourceTitle "EXT 2022"]
[Source "ChessBase"]
[SourceDate "2021.10.06"]
[SourceVersion "1"]
[SourceVersionDate "2021.10.06"]
[SourceQuality "1"]

1. d4 d5 2. c4 e6 3. a3 Nf6 4. Nc3 c5 5. cxd5 cxd4 6. Qxd4 Nc6 7. Qa4 exd5 8. Bg5 Be7 9. e3 0-0 10. Nf3 h6 11. Bh4 Re8 12. Be2 Ne4 13. Bxe7 Nxc3 14. Qc2 Qxe7 15. Qxc3 Bg4 16. 0-0 Rad8 17. Rfd1 d4 18. Nxd4 Rxd4 19. exd4 Bxe2 20. Re1 Qd7 21. d5 Qxd5 22. Rad1 Qxd1 23. Rxd1 Bxd1 24. h3 Re6 25. b4 Be2 26. a4 a6 27. Qb2 b5 28. axb5 Bxb5 29. f3 Rd6 30. Qb1 g6 31. h4 Rd4 32. h5 Rxb4 33. Qe1 gxh5 34. Qg3+ Kh7 35. Qh3 Rf4 36. Qxh5 Rf6 37. Qd5 Kg7 38. Qc5 Nd8 39. Qe5 Nc6 40. Qc3 Kg6 41. Qc2+ Kg7 42. Qb2 Nb8 43. Qe5 Nd7 44. Qb2 Kg8 45. Qd4 Bc6 46. Qc3 Re6 47. Qa5 Re5 48. Qxa6 Rc5 49. Qa3 Rc2 50. Qe3 Kg7 51. Qd4+ Nf6 52. Kh2 Bxf3 53. Kg3 Bxg2 54. Kh4 Be4 55. Qg1+ Rg2 56. Qe3 Bf5 57. Qxh6+ 1/2-1/2